000 00508nam a2200169 4500
001 133250
003 ES-MaACL
005 20230906194345.0
007 t|
008 070214s1946 sp r ||||1| spa d
100 1 _aRubio Giménez, Teodoro.
_9100415
245 1 0 _aEcos de la Soria Vieja /
_ctexto y dibujos de Teodoro Rubio Giménez.
250 _a2ª ed.
260 _aSoria :
_b[s. n.],
_c1946 (
_fTip. Suc. de F. Jodra)
300 _a31 p. :
_bil. ;
_c21 cm.
852 _aES-MaACL
_j1860-F-17
_bR.22593
999 _c133250
_d133250